000 00573cam a22002053a 4500
001 39854
003 PGUSA
005 20140828083904.0
008 120530s2012||||xxu|||||s|||||000 | eng d
040 _aPGUSA
_beng
042 _adc
245 1 0 _aBird-Lore
_h[electronic resource] /
_cVarious
260 _bProject Gutenberg,
_c2012
506 _aPublic domain in the USA.
516 _aElectronic text
700 1 _aChapman, Frank M.
_q(Frank Michler),
_d1864-1945
830 0 _aProject Gutenberg
_v39854
856 4 0 _uhttp://www.gutenberg.org/ebooks/39854
942 _cEB
999 _c269107
_d269107